000
00329nam a22001337a 4500
008
170221b xxu||||| |||| 00| 0 eng d
020
_a
9780781753548
041
_a
eng
080
_a
615
100
_a
5
101
_a
SHF
245
_a
STUDY GUIDE TO ACCOMPANY FOUNDATIONS OF CLINICAL DRUG THERAPY
_c
ABRAMS, A.C
942
_2
udc
_c
BK
999
_c
5950
_d
5950